000 00236nam a2200097Ia 4500
001 832387
005 20250826172354.0
008 250824s9999 xx 000 0 und d
245 0 _aDİRİLİŞ
_cLOKMAN AYDOĞAN
260 _bBİLGE YAYINLARI
999 _c832387
_d832387